Portos e comércio exterior: cenário atual e aspectos jurídicos, ambientais e de saúde (Registro n. 328300)
[ somente texto ]
| 000 -LÍDER | |
|---|---|
| Campo de controle fixo | 00992nam a22003137a 4500 |
| 001 - NÚMERO DE CONTROLE | |
| Número de controle | BR2024003094 |
| 003 - CÓDIGO MARC DA AGÊNCIA CATALOGADORA | |
| Campo de controle | BR-BrBNA |
| 005 - DATA E HORA DA ÚLTIMA ATUALIZAÇÃO | |
| Campo de controle | 20241025145526.0 |
| 008 - CAMPO DE TAMANHO FIXO | |
| Campo fixo de controle | 241025b bl.||||| |||| 00| 0 por d |
| 020 ## - ISBN - INTERNATIONAL STANDARD BOOK NUMBER | |
| ISBN | 978-85-225-1293-5 |
| 040 ## - FONTE DA CATALOGAÇÃO | |
| Agência catalogadora | BR-BrBNA |
| Idioma da catalogação | por |
| 041 ## - CÓDIGO DO IDIOMA | |
| Código do Idioma | por |
| 072 ## - CATEGORIA AGRIS | |
| Código da categoria de assunto/objeto | <a href="J10 ; E71 ; D50">J10 ; E71 ; D50</a> |
| 090 ## - NÚMERO DE CHAMADA | |
| Localização na estante | J10 BR2024003094 |
| 100 0# - ENTRADA PRINCIPAL - NOME PESSOAL | |
| Nome pessoal | Dias, Eduardo Mario (org.) |
| 100 0# - ENTRADA PRINCIPAL - NOME PESSOAL | |
| Nome pessoal | Scoton, Maria Lídia Rebello Pinho Dias (org.) |
| 245 ## - TÍTULO PRINCIPAL | |
| Título principal | Portos e comércio exterior: cenário atual e aspectos jurídicos, ambientais e de saúde |
| Subtítulo | Série Automação |
| 260 ## - IMPRENTA (PUBLICAÇÃO, DISTRIBUIÇÃO, ETC.) | |
| Lugar de publicação, distribuição, etc. | Rio de Janeiro, RJ (Brasil) |
| Nome do editor, distribuidor, etc. | FGV |
| Data de publicação, distribuição, etc | 2016 |
| 300 ## - DESCRIÇÃO FÍSICA | |
| Extensão | 228 p. |
| 500 ## - NOTA GERAL | |
| Notas gerais | Bibliography p. 199-218 (187 ref.); Summary (por); 3 illus.; 8 tables; 2 graphs |
| 650 ## - ASSUNTO - THESAGRO | |
| Cabeçalho tópico ou nome geográfico | PORTO |
| 650 ## - ASSUNTO - THESAGRO | |
| Cabeçalho tópico ou nome geográfico | TRANSPORTE MARÍTIMO |
| 650 ## - ASSUNTO - THESAGRO | |
| Cabeçalho tópico ou nome geográfico | COMÉRCIO EXTERIOR |
| 650 ## - ASSUNTO - THESAGRO | |
| Cabeçalho tópico ou nome geográfico | LEGISLAÇÃO |
| 650 ## - ASSUNTO - THESAGRO | |
| Cabeçalho tópico ou nome geográfico | DESENVOLVIMENTO SUSTENTÁVEL |
| 650 ## - ASSUNTO - THESAGRO | |
| Cabeçalho tópico ou nome geográfico | SAÚDE PÚBLICA |
| 909 ## - IDENTIFICAÇÃO DO CATALOGADOR | |
| Ano e mês da catalogação (aaaamm) | 202410 |
| Identificação do catalogador | Fernando |
| 942 ## - TIPO ESPECÍFICO | |
| Tipo de material | Livros |
| 952 ## - LOCATION AND ITEM INFORMATION (KOHA) | |
| -- | 2024-10-25 |
| Status de empréstimo | Fonte de classificação | Status de danificação | Não pode ser emprestado | Código da coleção | Localização permanente | Localização atual | Localização na estante | Total Checkouts | Número de chamada | Código de barras | Tipo de material |
|---|---|---|---|---|---|---|---|---|---|---|---|
| Classificação AGRIS | Agrobase | Biblioteca Nacional de Agricultura - Binagri | Biblioteca Nacional de Agricultura - Binagri | Agrobase - Acervo Geral | J10 BR2024003094 | 2024-6367 | Livros |

BINAGRI